[Event "Open de Sevilla 2012"]
[Site "?"]
[Date "2012.01.08"]
[Round "2"]
[White "Vazquez Tey, Juan A"]
[Black "Campora, Daniel H"]
[Result "0-1"]
[WhiteElo "2054"]
[BlackElo "2490"]
[Annotator "Montecatine,R"]
[PlyCount "86"]
[EventDate "2012.01.08"]
[SourceDate "2012.01.07"]

1. d4 Nf6 2. Nf3 e6 3. e3 c5 4. Bd3 b6 5. O-O Be7 6. b3 O-O 7. Bb2 Bb7 8. Nbd2
cxd4 9. exd4 d5 10. Qe2 Nc6 11. a3 Rc8 12. Ne5 Nxe5 13. dxe5 Nd7 14. b4 a5 15.
c3 Re8 16. f4 d4 17. Rac1 (17. cxd4 axb4 18. axb4 Bxb4 19. Ne4 $14) 17... dxc3
18. Bxc3 axb4 19. axb4 Rc7 20. Ne4 $16 Bxe4 21. Qxe4 g6 22. Bb5 Qc8 23. Bd2 Rd8
24. Rxc7 Qxc7 25. Rc1 Qa7 26. Be1 Kg7 27. g4 Qa3 28. Rc7 {Diagrama #} Nc5 (
28... Qa1 29. Bxd7 Bh4 30. Bxe6 $18) 29. Qe2 (29. bxc5 Bxc5+ 30. Kg2 $18) 29...
Qc1 30. Rxe7 Rd1 31. Kf1 Nb3 32. Ba4 $2 (32. f5 exf5 33. Rxf7+ Kxf7 34. Bc4+
Kg7 35. Bxb3) 32... Qxf4+ 33. Kg2 Rb1 34. Qf3 Rb2+ 35. Bf2 Qxf3+ 36. Kxf3 Nd2+
37. Ke3 Nf1+ 38. Kf3 Nxh2+ 39. Kg3 Nxg4 40. Kxg4 Rxf2 41. Rb7 h5+ 42. Kg3 Rf5
43. Rxb6 g5 {ilegible} 0-1

[Event "Open de Sevilla 2012"]
[Site "?"]
[Date "2012.01.09"]
[Round "3"]
[White "Sengupta , Deep"]
[Black "Kovacevic , Slobodan"]
[Result "1-0"]
[WhiteElo "2562"]
[BlackElo "2321"]
[Annotator "Montecatine,R"]
[PlyCount "77"]
[EventDate "2012.01.09"]
[SourceDate "2012.01.07"]

1. e4 c5 2. Nf3 e6 3. d4 cxd4 4. Nxd4 a6 5. Nc3 Qc7 6. Be3 b5 7. Qd2 Bb7 8. f3
Nf6 9. O-O-O d5 10. e5 (10. exd5 Nxd5 11. Nxd5 Bxd5 12. Kb1 Nd7 13. Re1 Bd6 14.
Nf5 O-O 15. Nxd6 Qxd6 16. Bd3 Rfc8 17. h4 b4 18. h5 a5 19. h6 g6 20. Bb5 f6 21.
Rh4 Rab8 22. Bxd7 Qxd7 23. Rd4 Qb5 24. g4 a4 25. Rc1 Rc6 26. Bf4 Rb7 27. b3 Rc3
28. Bd6 Rxf3 29. Rxb4 Qc6 30. Rxb7 Qxb7 31. Ba3 Qb6 32. Ka1 Qe3 33. Qxe3 Rxe3
34. c4 Bf3 35. Bc5 Rd3 36. b4 Bxg4 37. b5 Bf3 38. Kb2 Kf7 39. Rc3 Rxc3 40. Kxc3
e5 41. Kb4 Ke6 42. Kxa4 Kd7 43. Kb4 g5 44. a4 g4 45. a5 g3 46. a6 g2 47. b6 Kc6
48. b7 Kc7 49. Bg1 f5 50. c5 Be2 51. a7 Kxb7 52. c6+ Ka8 53. Ka5 f4 54. c7 Bg4
55. Kb5 e4 56. Kc4 e3 57. Kd3 Kxa7 {
0-1 (57) Zeldin,L (1885)-Korber,M (1925)/Ruhrgebiet 2005}) 10... Nfd7 (10...
Qxe5 11. Bf4 Qh5 12. g4 $18) 11. f4 Nc6 12. Nxc6 Bxc6 $11 13. Qf2 g6 14. Kb1
Rb8 15. Ne2 Nb6 16. h4 h5 17. Rh3 Be7 18. Bd4 b4 19. Nc1 a5 20. Qg1 Bd7 21. Bd3
Na4 22. Nb3 Bb5 23. Rc1 Bc4 24. g4 hxg4 25. Qxg4 Kd7 26. h5 gxh5 27. Rxh5 Nc3+
(27... Rbg8 28. Qh3 Rxh5 29. Qxh5 Rf8 30. f5 $18) 28. bxc3 Rhg8 (28... Rxh5 29.
Qxh5 a4 30. Nc5+ Bxc5 31. Qxf7+ Be7 32. f5 $18) 29. Qh3 $18 bxc3 30. f5 a4 31.
fxe6+ fxe6 32. Rh7 Rge8 (32... Rgf8 33. Bxc3 axb3 34. cxb3 $18) 33. Bg6 axb3
34. cxb3 Bxb3 35. Bxe8+ Kxe8 36. Qxe6 Bc2+ 37. Kxc2 Rb2+ 38. Kd1 Rd2+ 39. Ke1
1-0

[Event "Open de Sevilla 2012"]
[Site "?"]
[Date "2012.01.09"]
[Round "3"]
[White "Mirzoev, Azer"]
[Black "Sgnaolin , Davide"]
[Result "1-0"]
[WhiteElo "2523"]
[BlackElo "2242"]
[Annotator "Montecatine,R"]
[PlyCount "37"]
[EventDate "2012.01.09"]
[SourceDate "2012.01.07"]

1. d4 Nf6 2. c4 c5 3. d5 b5 4. f3 e6 5. e4 bxc4 6. Nc3 exd5 7. e5 Nh5 (7... Ng8
8. Nxd5 Nc6 9. f4 d6 (9... Nge7 10. Bxc4 Ba6 11. Bxa6 Nxd5 12. Qxd5 Qa5+ 13.
Bd2 Qxa6 14. Nf3 Be7 15. Kf2 Rb8 16. b3 O-O 17. Rhe1 Nb4 18. Bxb4 cxb4 19. Kg1
Rbc8 20. Nd4 Bc5 21. Kh1 Bxd4 22. Qxd4 Rfd8 23. Qxb4 g6 24. a4 d5 25. f5 gxf5
26. Re3 d4 27. Rg3+ Kh8 28. Qe7 Qe6 29. Qf6+ Qxf6 30. exf6 d3 31. Rf3 d2 32.
Rff1 Rc6 33. Rad1 Rxf6 34. h3 Rb6 35. Rf3 Rc6 36. Rff1 Rc3 37. Rf3 Rc1 38. Rff1
Rc2 {
0-1 (38) Manninen,M (2377)-Burgos Figueroa,C (2263)/ICC INT 2009/CBM 129 Extra}
) 10. Nf3 Bg4 11. Bxc4 dxe5 12. O-O e4 13. Re1 f5 14. Qa4 Rc8 15. Ne5 Qa5 16.
Qxa5 Nxa5 17. Bb5+ {1-0 (17) Hopman,P (2230)-Stork,O/Leiden 2003/CBM 095 ext})
8. Qxd5 Nc6 9. e6 {Diagrama #} Qh4+ $6 (9... f5) 10. g3 fxe6 (10... Nxg3 11.
exf7+ Kd8 12. Bg5+) 11. Qxc6 Nxg3 12. Qxa8 Nxh1+ 13. Kd1 Qd4+ $2 (13... Kd8 14.
Kc2 Qxh2+ 15. Nge2 $14) 14. Kc2 $18 Kd8 (14... Qxg1 15. Qxc8+ Ke7 16. Ne4 Qxh2+
17. Bd2 {1-0 (17) De Roda Husman,J-Remmel,T/Netherlands 1996}) 15. Nh3 Be7 16.
Bf4 a6 17. Rd1 Qf6 18. Ne4 Qf5 19. Qb8 1-0

[Event "Open de Sevilla 2012"]
[Site "?"]
[Date "2012.01.09"]
[Round "3"]
[White "Herraiz Hidalgo, Herminio"]
[Black "Barrantes Munoz, Hugo Pedro"]
[Result "1-0"]
[WhiteElo "2469"]
[BlackElo "2211"]
[Annotator "Montecatine,R"]
[PlyCount "58"]
[EventDate "2012.01.09"]
[SourceDate "2012.01.07"]

1. d4 d5 2. Nf3 Nf6 3. c4 e6 4. e3 c5 5. Nc3 Nc6 6. cxd5 exd5 7. Bb5 a6 8.
Bxc6+ bxc6 9. O-O Bd6 10. dxc5 Bxc5 11. b3 O-O 12. Bb2 Bd6 13. Rc1 Bd7 (13...
Bb7 14. Na4 Ne4 15. Nd4 Re8 16. Nxc6 Bxc6 17. Rxc6 Re6 18. Qc2 Qh4 19. Rc8+ Re8
20. Rxe8+ Rxe8 21. g3 Qh3 22. Qc6 Qe6 23. f3 Rc8 24. Qb6 Nd2 25. Qd4 Qg6 26.
Qxd2 Rc2 27. Qe1 h5 28. f4 Qe4 29. Rf2 Bb4 30. Qd1 Rc7 31. Qd4 {
1-0 (31) Maric,A (2443)-Cmilyte,V (2335)/New Delhi 2000/CBM 079 ext}) 14. Na4 {
Diagrama #} Qe7 $6 (14... Re8 $14) 15. Nb6 $16 Rad8 16. Nxd7 Qxd7 17. Bxf6 gxf6
18. Qd3 c5 19. Qxa6 Ra8 20. Qe2 Kh8 21. Nh4 Rg8 22. Qf3 Qe6 23. Rcd1 Rg5 24.
Rd2 Rag8 25. g3 Bc7 26. Rfd1 Rd8 27. e4 d4 28. b4 Be5 29. bxc5 Rdg8 1-0

[Event "Open de Sevilla 2012"]
[Site "?"]
[Date "2012.01.09"]
[Round "3"]
[White "Perez Garcia , Roberto"]
[Black "Mellado Trivino, Juan"]
[Result "0-1"]
[WhiteElo "2185"]
[BlackElo "2435"]
[Annotator "Montecatine,R"]
[PlyCount "76"]
[EventDate "2012.01.09"]
[SourceDate "2012.01.07"]

1. e4 e5 2. Nf3 Nf6 3. Nxe5 d6 4. Nf3 Nxe4 5. Nc3 Nxc3 6. dxc3 Be7 7. Be3 O-O
8. Qd2 Nd7 9. O-O-O c6 10. Kb1 Re8 11. h4 Qa5 12. Bd3 (12. h5 h6 13. Bd3 Bf8
14. g4 Nf6 15. g5 Be6 16. a3 Ng4 17. gxh6 Qd5 18. Qe2 Qa2+ 19. Kc1 Qa1+ 20. Kd2
Qxb2 21. Rdg1 Bd7 22. Rxg4 Bxg4 23. Ng5 Be6 24. Bd4 Qa2 25. Rg1 c5 26. Bh7+ Kh8
27. hxg7+ Bxg7 28. Nxf7+ Bxf7 29. Bxg7+ Kxh7 30. Qd3+ Kg8 31. Bf6+ Kf8 32.
Qxd6+ {1-0 (32) Ivanchuk,V (2748)-Gelfand,B (2750)/Nice 2010}) 12... Nf8 (12...
Ne5 13. Nxe5 dxe5 14. Qe2 Be6 15. Bc4 Bxc4 16. Qxc4 Rad8 17. h5 Rxd1+ 18. Rxd1
Rd8 19. Rd3 a6 20. Qg4 Qc7 21. Qe4 g6 22. g4 Rxd3 23. cxd3 Qd7 24. Qxe5 Qxd3+
25. Kc1 Qd6 26. Qe4 Qe6 {
1/2-1/2 (26) Fogarasi,T (2425)-Ilincic,Z (2447)/Budapest 2010}) 13. Nd4 d5 (
13... Ng6) 14. Bf5 (14. h5) 14... Bxf5 (14... Bf6 $11) 15. Nxf5 Ne6 16. Nxe7+ (
16. h5) 16... Rxe7 17. h5 f6 18. g4 Rae8 (18... h6) 19. h6 g6 20. f4 $14 Ng5 (
20... Nc7) 21. fxg5 Rxe3 22. Qd4 (22. gxf6 $16) 22... R3e4 23. Qxf6 Qc7 24.
Rhf1 Qe7 25. b3 (25. Qf2 Rf8 26. Qd2 Rxf1 27. Rxf1 Re2 28. Qf4 $14) 25... Rxg4
{Diagrama #} 26. Rde1 $2 (26. Qf2 a6 (26... Rxg5 $4 27. Rde1 Qd7 28. Rxe8+ Qxe8
29. Qf6 $18) 27. Rfe1 Re4 28. Rxe4 dxe4 29. Qe3 $14) 26... Qxf6 27. Rxe8+ (27.
gxf6 Rxe1+ 28. Rxe1 Re4 $17) 27... Kf7 28. Rf8+ $6 (28. gxf6 Kxe8 29. c4 Kf7
$17 (29... dxc4 30. Re1+ Kf7 31. Re7+ Kxf6 32. Rxh7 $15)) 28... Kxf8 29. Rxf6+
Ke7 $19 30. a4 Rxg5 31. Rf4 Rh5 32. Rb4 b6 33. a5 b5 34. a6 Rxh6 35. Rf4 g5 36.
Rf5 g4 37. Re5+ Kd6 38. Rf5 g3 0-1

[Event "Open de Sevilla 2012"]
[Site "?"]
[Date "2012.01.09"]
[Round "3"]
[White "Ponce Lopez, Miguel"]
[Black "Estremera Panos , Sergio"]
[Result "0-1"]
[WhiteElo "2134"]
[BlackElo "2379"]
[Annotator "Montecatine,R"]
[PlyCount "104"]
[EventDate "2012.01.09"]
[SourceDate "2012.01.07"]

1. e4 c5 2. c4 Nc6 3. Nc3 g6 4. g3 Bg7 5. Bg2 Nf6 6. Nge2 O-O 7. O-O Ne8 8. d3
Nc7 9. Be3 Ne6 10. Qd2 Ned4 11. Bh6 d6 12. Bxg7 Kxg7 13. Nxd4 Nxd4 14. Ne2 e5
15. Nxd4 cxd4 16. f4 f6 17. b4 Bd7 18. b5 Qc7 19. a4 a6 20. Qb4 Qc5 21. Qb2 b6
22. f5 g5 23. Bf3 Ra7 24. Ra2 Rfa8 25. Rfa1 Be8 26. g4 Bf7 {Diagrama #} 27. Kg2
$2 (27. Rc1 $11) 27... axb5 28. axb5 Rxa2 29. Rxa2 Rxa2 30. Qxa2 Qxb5 31. Bd1
Qb4 32. Qc2 Qe1 33. Qe2 Qb4 34. Kf2 Qa3 35. Qc2 Be8 36. Qb1 Qa5 37. Ke2 Kf8 38.
Bb3 Ke7 39. Qa2 $6 (39. h3) 39... Qxa2+ 40. Bxa2 Ba4 $19 41. Kd2 Kd7 42. Bb1
Kc6 43. Bc2 Bxc2 44. Kxc2 Kc5 45. Kd2 Kb4 46. h4 h6 47. hxg5 hxg5 48. Kc2 Ka3
49. Kc1 Kb3 50. Kd2 Kb2 51. Kd1 Kc3 52. Ke2 Kc2 0-1

[Event "Open de Sevilla 2012"]
[Site "?"]
[Date "2012.01.09"]
[Round "3"]
[White "Barrero Garcia, Carlos"]
[Black "Lasinskas, Povilas"]
[Result "1/2-1/2"]
[WhiteElo "2370"]
[BlackElo "2138"]
[Annotator "Montecatine,R"]
[PlyCount "110"]
[EventDate "2012.01.09"]
[SourceDate "2012.01.07"]

1. Nf3 Nf6 2. c4 e6 3. Nc3 c5 4. g3 b6 5. Bg2 Bb7 6. O-O Be7 7. Re1 O-O 8. e4
d6 9. d4 cxd4 10. Nxd4 Qc8 11. Ndb5 Rd8 12. Bf4 Ne8 13. Rc1 a6 14. Nd4 Nd7 15.
Bh3 Bf6 16. Be3 Qc7 17. b3 Rac8 18. f4 Qb8 19. f5 e5 20. Nf3 Nc5 21. Bf2 Qa8
22. Nd5 Bxd5 23. cxd5 Nd7 24. Bf1 Rxc1 25. Qxc1 Rc8 26. Qa3 b5 27. Rc1 Bd8 28.
b4 {cede c4, la alternativa era ganar espacio en el flanco de rey} Bb6 29. Rc3
(29. Bxb6 Nxb6 30. Bd3 $11) 29... Bxf2+ 30. Kxf2 Nef6 {Diagrama #} 31. Nd2 $2 (
31. Bd3 Rxc3 32. Qxc3 Ng4+ 33. Kf1 Qa7 34. Qd2 Nb6 $15) 31... Nb6 $2 (31...
Ng4+ 32. Kg2 Rxc3 33. Qxc3 Qa7 34. Kh3 Nf2+ 35. Kg2 Nd1 36. Qc6 Qf2+ 37. Kh1
Nf8 38. Qc2 Ne3 39. Qd3 $19) 32. Qc1 Rxc3 33. Qxc3 Qb7 34. Kf3 Kf8 35. Bd3 Ke7
36. Nb3 Kd7 37. Na5 Qc7 38. Qd2 h6 39. Nc6 Ng8 40. h4 f6 41. g4 Ne7 42. Na5 Na4
43. g5 hxg5 44. hxg5 Qb6 45. gxf6 gxf6 46. Qe3 Qc7 47. Qd2 Qb6 48. Bc2 Qg1 49.
Bxa4 bxa4 50. Qf2 Qh1+ 51. Ke3 Qb1 52. Kf3 Qh1+ 53. Ke3 Qb1 54. Qd2 Qg1+ 55.
Ke2 Qb1 1/2-1/2

[Event "Open de Sevilla 2012"]
[Site "?"]
[Date "2012.01.09"]
[Round "3"]
[White "Teske, Henrik"]
[Black "Burgos Figueroa, Carlos E"]
[Result "1-0"]
[WhiteElo "2550"]
[BlackElo "2289"]
[Annotator "Montecatine,R"]
[PlyCount "94"]
[EventDate "2012.01.09"]
[SourceDate "2012.01.07"]

1. d4 Nf6 2. c4 c5 3. Nf3 g6 4. Nc3 cxd4 5. Nxd4 Nc6 6. g3 Bg7 7. Bg2 O-O 8.
O-O Ng4 9. e3 Nxd4 10. exd4 Nh6 11. b3 Nf5 12. Ne2 {
'1/2-1/2 (12) Bezold,M (2330)-Teske,H (2380)/Karlsruhe 1991/GER'} d6 13. Bb2
Qb6 14. Rc1 Bd7 15. Bc3 h5 16. Re1 Rfe8 17. Be4 a5 18. a4 Bh6 19. Rb1 Rab8 20.
Rb2 Ng7 21. d5 Bg5 22. Bd4 Qc7 23. Rc2 (23. Nc3) 23... Bf6 24. Qa1 (24. Nc3
Bxd4 25. Qxd4 b6 26. Nb5 Qc5 27. Qd3 $14) 24... Bxd4 (24... Bf5 $14) 25. Nxd4
Qb6 26. Rce2 e5 27. dxe6 Nxe6 28. Nb5 $16 Bxb5 29. axb5 Nd4 30. Re3 Re5 31. Qc3
$16 Rbe8 32. Bd5 {Diagrama #} Qc5 (32... Kf8) 33. Rxe5 $18 Rxe5 34. Rxe5 dxe5
35. Qxa5 Kg7 36. Qa8 Ne2+ 37. Kg2 h4 38. Qxb7 h3+ 39. Kf1 Nc3 40. Qxf7+ Kh6 41.
Qf6 Nxd5 42. Qh8+ Kg5 43. Qxe5+ Kh6 44. Qxd5 Qa3 45. Qd2+ g5 46. Qc3 g4 47.
Qf6+ Kh7 1-0

[Event "Open de Sevilla 2012"]
[Site "?"]
[Date "2012.01.09"]
[Round "3"]
[White "Garcia Jimenez , Francisco Javier"]
[Black "Cornette, Matthieu"]
[Result "0-1"]
[WhiteElo "2323"]
[BlackElo "2545"]
[Annotator "Montecatine,R"]
[PlyCount "142"]
[EventDate "2012.01.09"]
[SourceDate "2012.01.07"]

1. e4 c5 2. Nc3 Nc6 3. g3 g6 4. Bg2 Bg7 5. d3 d6 6. Nge2 Nh6 7. O-O O-O 8. h3
f5 9. Be3 Nd4 10. Qd2 Nf7 11. f4 Bd7 12. Rae1 Bc6 13. Kh2 Qd7 14. Bg1 Rae8 15.
Nxd4 cxd4 16. Ne2 e5 17. c3 fxe4 18. dxe4 exf4 19. Nxf4 (19. gxf4 Bxe4 20. Bxe4
Rxe4 21. Bxd4 Rfe8 22. Bxg7 Kxg7 23. Nd4 $11) 19... dxc3 20. bxc3 Ng5 $6 (20...
Bb5 21. Rf2 Bc4) 21. Bd4 (21. Nxg6 Rxf1 22. Rxf1 Nxe4 23. Bxe4 Bxe4 24. Nf4 $11
) 21... Nxe4 $15 22. Bxe4 Rxe4 23. Bxg7 Qxg7 24. Rxe4 Bxe4 25. Qxd6 Qf7 26. Re1
$6 (26. Rf2) 26... Bc6 (26... Qxa2+ 27. Re2 Qc4) 27. Re2 Qc4 28. Rd2 Re8 29.
Qd4 Qf1 30. Ng2 a6 31. Rf2 Qb5 32. Qf6 Qd5 {Diagrama #} 33. c4 (33. Qd4) 33...
Qe6 (33... Qxc4 34. Ne3 Qe6) 34. Qd4 Qe5 35. Qd2 Qe4 36. Qc3 Re5 37. Qd2 Qxc4
38. Qd8+ Re8 39. Qf6 Qe6 40. Qc3 Qe5 41. Qc4+ Bd5 42. Qb4 Qe4 43. Qb6 Rf8 44.
Rd2 Qe6 45. Qd4 Bc6 46. Qb2 b5 47. Re2 Qf6 48. Qd2 h6 49. Qc2 Kg7 50. Qc5 g5
51. Ne3 (51. Qa7+ Rf7 52. Qxa6) 51... Qf3 $19 52. Qe5+ Kh7 53. Ng2 Qf5 (53...
Rf7 54. Qb2 b4) 54. Qb2 Bd7 55. g4 Qg6 56. Qe5 Bc6 57. Rd2 Qf6 58. Qxf6 Rxf6
59. Ne3 Rf3 60. Nf5 Rf1 61. Rd6 Rf2+ 62. Kg1 Rg2+ 63. Kf1 Rc2 64. Rxh6+ Kg8 65.
h4 gxh4 66. g5 h3 67. Ne7+ Kg7 68. Nxc6 Rc1+ 69. Kf2 h2 70. Nd4 h1=Q 71. Nf5+
Kg8 0-1

[Event "Open de Sevilla 2012"]
[Site "?"]
[Date "2012.01.09"]
[Round "3"]
[White "Saric , Ante"]
[Black "Melero Fidalgo, Juan De Dios"]
[Result "1-0"]
[WhiteElo "2528"]
[BlackElo "2251"]
[Annotator "Montecatine,R"]
[PlyCount "79"]
[EventDate "2012.01.09"]
[SourceDate "2012.01.07"]

1. c4 e5 2. Nc3 Bb4 3. Nd5 Be7 4. d4 d6 5. e4 c6 6. Nc3 Nf6 7. Nf3 Qc7 8. Be2
Bg4 9. Be3 Nbd7 10. O-O O-O 11. d5 Rfc8 12. Nd2 Bxe2 13. Qxe2 a6 14. a4 Qb8 15.
a5 Bd8 16. Ra3 {Diagrama #} Bc7 $2 17. Rb1 $2 (17. dxc6 bxc6 18. Rb3) 17... Re8
18. b4 Qc8 19. c5 Qd8 20. Nc4 $16 Qe7 21. dxc6 bxc6 22. Nb6 Rab8 23. Qxa6 dxc5
24. Nxd7 Nxd7 25. b5 cxb5 26. Rxb5 Ra8 27. Qc6 Qd6 28. Qxd6 Bxd6 29. a6 Rec8
30. a7 Rc7 31. Rba5 Rb7 32. Kf1 Bc7 33. Ra6 Bb6 34. Nb5 h6 35. Ke2 Nf8 36. Rxb6
Rxb6 37. Nc7 Rxa7 38. Rxa7 Rc6 39. Nd5 Re6 40. Ra8 1-0

[Event "Open de Sevilla 2012"]
[Site "?"]
[Date "2012.01.09"]
[Round "3"]
[White "Munoz Martin, Pablo"]
[Black "Malakhatko, vladim"]
[Result "1-0"]
[WhiteElo "2243"]
[BlackElo "2524"]
[Annotator "Montecatine,R"]
[PlyCount "69"]
[EventDate "2012.01.09"]
[SourceDate "2012.01.07"]

1. a3 g6 2. Nf3 Bg7 3. g3 e5 4. d3 d5 5. Bg2 Ne7 6. O-O O-O 7. c4 dxc4 8. dxc4
e4 9. Ng5 Qxd1 10. Rxd1 f5 11. Nc3 h6 12. Nh3 g5 13. f3 exf3 14. exf3 Bxc3 15.
bxc3 Nbc6 16. Rb1 b6 17. a4 Be6 (17... Re8) 18. Ba3 f4 (18... Rfe8) 19. Re1 Rf6
20. gxf4 gxf4 21. Nxf4 Bxc4 22. Nh5 (22. Re4 Bf7 23. Rd1) 22... Re6 23. f4 Rd8
24. f5 Rxe1+ 25. Rxe1 Kf7 26. f6 Nd5 27. Re4 (27. Bc1) 27... Bb3 $6 (27... Rg8)
28. c4 $14 {Diagrama #} Nc3 $2 (28... Ndb4 29. Bxb4 Nxb4 30. Re7+ Kg6 31. Bf3
$14) 29. Rg4 $18 Rd1+ 30. Kf2 Rd2+ 31. Kg3 Rd3+ 32. Kh4 Nd4 (32... Rd4 33. Bxc6
) 33. Rg7+ Ke6 34. Re7+ Kf5 35. f7 1-0

[Event "Open de Sevilla 2012"]
[Site "?"]
[Date "2012.01.09"]
[Round "3"]
[White "Gonzalez Galvan, Juan Manuel"]
[Black "Fernandez Romero, Ernesto"]
[Result "1-0"]
[WhiteElo "2214"]
[BlackElo "2471"]
[Annotator "Montecatine,R"]
[PlyCount "86"]
[EventDate "2012.01.09"]
[SourceDate "2012.01.07"]

1. e4 c5 2. Nc3 e6 3. f4 a6 4. Nf3 d5 5. d3 Nc6 6. Be2 g6 7. O-O Bg7 8. Qe1
Nge7 9. a4 O-O 10. Qh4 Nd4 11. f5 exf5 12. e5 Nec6 13. Bg5 f6 (13... Qa5 $19)
14. exf6 Bxf6 15. Bxf6 Qxf6 16. Ng5 Qg7 $17 17. Bf3 Nxf3+ 18. Nxf3 d4 (18...
Be6 $17) 19. Nd5 Be6 20. Nf4 Rae8 21. Rae1 Bd7 22. Nd5 Be6 23. Nf4 Bf7 24. Qg3
(24. Ng5) 24... Nb4 $19 25. Ng5 Nxc2 26. Rc1 Ne3 27. Rfe1 c4 28. dxc4 Re7 (
28... Bxc4 29. Rxc4 Nxc4 30. Nfe6 Qd7 31. Nxf8 Rxf8 $19) 29. Nd5 Bxd5 30. cxd5
f4 31. Qh3 d3 32. Ne6 (32. d6 d2 33. dxe7 dxe1=Q+ 34. Rxe1 Qxe7 35. Qe6+ Qxe6
36. Nxe6 Rf6 37. Nxf4 Rxf4 38. Rxe3 Rxa4 $17) 32... Qf6 (32... Qxb2 33. Nxf8 d2
34. Ne6 dxc1=Q $19) 33. Nxf8 d2 34. Ne6 dxe1=Q+ 35. Rxe1 Qe5 $2 (35... Qxb2 $19
) 36. Rc1 $19 (36. Qh6 $11) 36... Nc4 $2 (36... Re8 37. Rc7 h5 $19) 37. Qc3
Qxd5 38. Nxf4 Qc5+ 39. Kh1 b5 (39... Re3 40. Qc2 b5 41. b3 Qe5 42. Nh3 Nd6 43.
Qc6 $11) 40. axb5 axb5 41. b3 Qe5 42. Nd5 $2 {
Diagrama # El negro perdió por tiempo cuando aún lograba ventaja tras} (42.
Qxe5 Nxe5 43. h3) 42... Qxd5 43. bxc4 bxc4 1-0

[Event "Open de Sevilla 2012"]
[Site "?"]
[Date "2012.01.09"]
[Round "3"]
[White "Diaz Castro, Sergio"]
[Black "Razmyslov, Alexander"]
[Result "0-1"]
[WhiteElo "2211"]
[BlackElo "2438"]
[Annotator "Montecatine,R"]
[PlyCount "72"]
[EventDate "2012.01.09"]
[SourceDate "2012.01.07"]

1. e4 c5 2. Nf3 a6 3. d3 g6 4. g3 Bg7 5. Bg2 Nc6 6. O-O d6 7. c3 Nf6 8. Re1 O-O
9. d4 Bg4 10. dxc5 dxc5 11. Qc2 Rc8 12. Nbd2 h6 13. h3 Be6 14. Nb3 Nd7 15. Be3
Na5 16. Rad1 Qc7 17. Nfd2 c4 18. Nd4 Nc5 19. Nxe6 Nxe6 20. Bf1 b5 21. Nf3 Nc5
22. Rd5 Nab7 23. Red1 e6 24. R5d2 Qc6 25. Nd4 Qxe4 26. Qc1 {Diagrama #} e5 (
26... Qe5 $15) 27. Bg2 exd4 28. Bxe4 dxe3 29. Rd4 $2 (29. Rd7 exf2+ 30. Kf1
Nxe4 31. Rxb7 Nxg3+ 32. Kxf2 Ne4+ 33. Kf3 Nc5 34. Ra7 $11) 29... exf2+ 30. Kxf2
$2 (30. Kh2 Bxd4 31. Bxb7 Nxb7 32. cxd4 Nd6 33. Qf4 Rfe8 34. Qxf2 c3 $44) 30...
Bxd4+ $19 31. Rxd4 Nxe4+ 32. Rxe4 Nc5 33. Rd4 Nd3+ 34. Rxd3 cxd3 35. Qxh6 Rfe8
36. Kf1 Re2 0-1

[Event "Open de Sevilla 2012"]
[Site "?"]
[Date "2012.01.09"]
[Round "3"]
[White "Romero Sanchez, Jesus"]
[Black "Teran Alvarez, Ismael"]
[Result "1/2-1/2"]
[WhiteElo "2172"]
[BlackElo "2422"]
[Annotator "Montecatine,R"]
[PlyCount "67"]
[EventDate "2012.01.09"]
[SourceDate "2012.01.07"]

1. d4 e6 2. c4 f5 3. g3 Nf6 4. Bg2 Be7 5. Nf3 O-O 6. O-O c6 7. b3 a5 8. Bb2 d5
9. Ne5 (9. Qc2 Bd7 10. Ba3 Be8 11. Bxe7 Qxe7 12. Nbd2 Nbd7 13. Ne5 Nxe5 14.
dxe5 Ne4 15. Nf3 f4 16. Nd2 Nxd2 17. Qxd2 Qg5 18. Qd4 Bh5 19. Rfe1 Rf7 20. cxd5
cxd5 21. Bh3 Bg4 22. Bxg4 Qxg4 23. Rac1 h5 24. e3 Raf8 25. Rf1 h4 26. Rc3 g5
27. exf4 Rxf4 28. Qd3 R4f7 29. Qg6+ Rg7 30. Qc2 h3 31. f3 Qd4+ 32. Kh1 Qxe5 33.
Rc8 Rxc8 34. Qxc8+ Kh7 35. Qc2+ Kh6 36. Qd2 Rf7 37. Re1 Rxf3 38. Kg1 Qf6 39.
Qxa5 Qd4+ 40. Kh1 Rf1+ 41. Rxf1 Qe4+ {
0-1 (41) Izeta Txabarri,F (2516)-Teran Alvarez,I (2342)/Benasque 1999}) (9.
Nbd2 Bd7 10. Ne5 Be8 11. Ndf3 Ne4 12. Ne1 a4 13. Rc1 axb3 14. axb3 Nd7 15. Nxd7
Qxd7 16. Nd3 Bd6 17. f3 Nf6 18. Ne5 Qe7 19. Qc2 Nd7 20. Nxd7 Qxd7 21. f4 Bh5
22. Ra1 Rfb8 23. Rfc1 Qd8 24. Qd3 Rxa1 25. Rxa1 Ra8 26. Kf2 Rxa1 27. Bxa1 Qa5
28. Bc3 Qa2 29. Bd2 Be8 30. Bf3 Qa6 31. Qc2 Bd7 32. e3 Qa1 33. Bc3 Qa3 34. c5
Bc7 35. b4 Be8 36. Be2 b5 37. cxb6 Bxb6 38. Qb2 Qa4 39. Qa1 Qxa1 40. Bxa1 Bc7
41. Bc3 Bd6 42. Ke1 Kf8 43. Kd2 Ke7 44. Kc2 Kd8 45. Kb3 Kc7 46. Be1 Kb6 47. Bd2
Bd7 48. Be1 Bc8 49. Ka4 Be7 50. h4 Bd7 51. Kb3 Be8 52. Bc3 g6 53. Bd2 h6 54.
Bc3 Bd7 55. Be1 Be8 56. Bf3 g5 57. hxg5 hxg5 58. Be2 Bd7 59. Bf1 Bf6 60. Bd3
Bc8 61. Ka4 Ba6 62. Bxa6 Kxa6 63. Bf2 Be7 64. Be1 Kb6 65. Bf2 Bf6 66. Be1 gxf4
67. gxf4 Bd8 68. Bf2 Kc7 69. Be1 Kd7 70. b5 Be7 71. Ka5 Kc7 72. Ka6 cxb5 73.
Kxb5 Kb7 74. Bb4 Bh4 75. Bd2 Bf2 76. Kc5 Kc7 77. Kb5 Kd6 78. Kb6 Bh4 79. Bb4+
Kd7 80. Kb7 Bg3 81. Bc3 Bh2 82. Bb4 Bg1 83. Bd2 Bf2 84. Kb6 Kd6 {
1/2-1/2 (84) Joanpera Morales,A (2370)-Teran Alvarez,I (2350)/Ponferrada 1997})
9... Nbd7 10. Nd3 b6 11. Nd2 Bd6 12. Nf3 Qe7 13. Rc1 Bb7 14. Qc2 Ne4 15. Nfe5
Nxe5 16. dxe5 Bb4 17. Rfd1 Rac8 18. Ra1 Ba3 19. Rac1 Bxb2 20. Qxb2 c5 21. f3
Ng5 22. h4 Nf7 23. f4 Rfd8 24. e3 d4 25. Bxb7 Qxb7 26. Qg2 Qxg2+ 27. Kxg2 dxe3
28. Kf3 Nh6 29. Kxe3 Ng4+ 30. Ke2 Kf7 31. Nb2 Ke7 32. Na4 Rxd1 33. Rxd1 Rc6 34.
Nc3 {Diagrama #} 1/2-1/2

[Event "Open de Sevilla 2012"]
[Site "?"]
[Date "2012.01.09"]
[Round "3"]
[White "Pogorelov, Ruslan"]
[Black "Gomez Rebollo, Alfonso Carlos"]
[Result "1-0"]
[WhiteElo "2415"]
[BlackElo "2160"]
[Annotator "Montecatine,R"]
[PlyCount "89"]
[EventDate "2012.01.09"]
[SourceDate "2012.01.07"]

1. Nf3 f5 2. d4 Nf6 3. g3 g6 4. c4 Bg7 5. b4 {
Lo normal es Bg2 y b4 se prepara mucho después} O-O 6. Bg2 c6 7. O-O Ne4 8. Bb2
d5 9. Nbd2 Be6 10. Rc1 a5 11. b5 a4 (11... cxb5 12. cxb5 a4 13. Ba3 Re8 14. e3
Qb6 15. Qe2 Nd7 16. Rc2 Rac8 17. Rfc1 Rxc2 18. Rxc2 Bf6 19. Bb4 Nf8 20. a3 Bd7
21. Bf1 Ne6 22. Ne5 Bxe5 23. dxe5 d4 24. Nf3 dxe3 25. Qxe3 Qxe3 26. fxe3 Rc8
27. Rxc8+ Bxc8 28. Bxe7 Kf7 29. Bb4 Nc7 30. Nd4 Be6 31. Bd6 Nxd6 32. exd6 Ne8
33. Bd3 Nxd6 34. Bc2 Bc4 35. Bxa4 b6 36. Kf2 Kf6 37. Kf3 g5 38. h4 h6 39. hxg5+
hxg5 40. g4 Bd5+ 41. Kg3 Ne4+ 42. Kh2 fxg4 43. Bd1 g3+ 44. Kg2 Nc3+ 45. Bf3
Bxf3+ 46. Kxf3 Ke5 47. Kxg3 Ke4 48. Kg4 Kxe3 49. Nf5+ Ke4 50. Nd6+ Kd5 51. Nc8
Kc5 52. Nxb6 Kxb6 53. Kxg5 Nxb5 54. a4 Nc3 55. a5+ Kxa5 {
1/2-1/2 (55) Matveeva,S (2496)-Bartel,M (2501)/playchess.com INT 2004}) 12. Ba3
h6 (12... cxb5 13. cxb5 Bf6) 13. e3 Re8 14. bxc6 bxc6 15. cxd5 cxd5 16. Ne5
Bxe5 17. dxe5 Qd7 $2 (17... Qb6) 18. f3 Nxd2 19. Qxd2 $16 Kg7 20. f4 Na6 21.
Rfd1 Red8 22. Qa5 Qa7 23. Rd4 (23. Kf2) 23... Rdc8 24. Rxc8 Rxc8 25. Bf1 Ra8
26. Kf2 (26. Qb5) 26... Qb7 27. Bd3 Kf7 28. Ke2 (28. Qb5) 28... h5 29. h4 (29.
Qb5 $16) 29... Nb8 30. Qb5 $14 Qd7 31. Qxd7 Nxd7 32. Rb4 (32. Bb5 Nb6 33. Rb4
Nc4 $11) 32... Nc5 $11 33. Bc2 Ra7 34. Bb2 {Diagrama #} Ne4 (34... Rc7) 35. Bd4
$14 Rc7 (35... Nxg3+ 36. Kf3 Rc7 37. Bxa4 Ne4 $14) 36. Bxa4 Nxg3+ 37. Kd1 Ne4
38. Bb3 Nf2+ (38... Rc6) 39. Ke2 Ne4 40. a4 $16 Nc5 (40... Bc8) 41. Bxc5 $18
Rxc5 42. Rb5 (42. Kd3) 42... Rc3 (42... Rc1) 43. Kd2 (43. a5) 43... Rc7 (43...
d4 44. Bxe6+ Kxe6 45. exd4 Rc4 46. d5+ Kf7 47. Rb7 Rd4+ 48. Kc3 Rxd5 49. Rb6
$18) 44. a5 $18 Ra7 45. Kc3 {Ilegible} 1-0